01249 a2200217 4500020001500000020001800015082001400033090001500047100002100062245009300083250002200176260004400198300002100242500001500263520044200278856008200720856008700802942002400889999001900913952009900932 a0070410410 a978007041041104a664.00688 c2837d28371 aMaucher, Helmut.10aLeadership in action :btough-minded strategies from the global giant /cHelmut Maucher. aFirst Edition ed. a[S.l.] :bMcGraw-Hill Companies,c1994. a160 p. ;c24 cm. aHardcover. aVeterans of downsizing and corporate turnarounds will be fascinated by the management style and philosophy of the chairman and CEO of mammoth Nestle Corporation. In matters of leadership on the global frontier, Helmut Maucher knows more than almost anyone. Readers everywhere will devour his inside look at Nestle's $38 billion operations, and the secrets of its success. German language edition has already sold more than 10,000 copies.403Amazon.comuhttp://www.amazon.com/exec/obidos/ASIN/0070410410/chopaconline-20403Amazon customer reviewsuhttp://www.chopac.org/cgi-bin/tools/azrev.pl?q=0070410410 aNBScBKk303.34 MNU c345327d345327 00104070aCLbCLd2013-08-28l3o303.34 MNUpNBS1325r2024-02-16s2024-02-02w2013-08-28yBK